Guess the 1960s song lyrics #239 - Statistics

General Stats
  • This quiz has been taken 31 times
  • The average score is 220 of 335
Answer Stats
Answer % Correct
I
100%
a
96%
me
92%
my
92%
The
92%
the
92%
and
88%
And
88%
And;
88%
for
88%
it
88%
Who
88%
you
88%
You
88%
can
85%
your
85%
in
81%
on
81%
be
77%
have
77%
that
77%
That
77%
to
77%
To
77%
when
77%
When
77%
so
73%
all
69%
If
69%
know
69%
of
69%
see
69%
at
65%
got
65%
as
62%
But
62%
Are
58%
eyes
58%
miles
58%
Miles
58%
Oh
58%
too
58%
want
58%
You're
58%
you've
58%
Now
54%
now
54%
say
54%
that's
54%
Because
50%
Cause
50%
don't
50%
there's
50%
Well
50%
yeah
50%
was
46%
about
42%
put
42%
think
42%
days
38%
here's
38%
mine
38%
would
38%
far
35%
gonna
35%
gotta
35%
magic
35%
nerve
35%
saw
35%
surprise
35%
things
35%
away
31%
deceived
31%
never
31%
other
31%
thought
31%
choke
27%
still
27%
way
27%
while
27%
guys
23%
may
23%
need
23%
Eiffel
19%
lose
19%
Mahal
19%
poke
19%
Taj
19%
through
19%
took
19%
Tower
19%
advantage
15%
lots
15%
right
15%
smile
15%
stand
15%
trust
15%
clear
12%
trial
12%
ball
8%
haze
8%
holding
8%
little
8%
crystal
4%
deliberately
4%
played
4%
tricks
4%
No matching quizzes found
Score Distribution
Percent of People with Each Score
Percentile by Number Answered
Your Score History
You have not taken this quiz